Management / (Record no. 80976)

MARC details
000 -LEADER
fixed length control field 00524nam a22001937a 4500
005 - DATE AND TIME OF LATEST TRANSACTION
control field 20140303155040.0
010 ## - LCCN (DPL NO)
LC control number ENG-108702
020 ## - INTERNATIONAL STANDARD BOOK NUMBER
Terms of availability 275.00
International Standard Book Number 9789380722016
035 ## - SYSTEM CONTROL NUMBER
System control number EN-92235
037 ## - SOURCE OF ACQUISITION
Source of stock number/acquisition DBAD/PUB
082 ## - DEWEY DECIMAL CLASSIFICATION NUMBER
Classification number 658
245 ## - TITLE STATEMENT
Title Management /
Statement of responsibility, etc by R.C.S. Rajpurohit...[et al]
250 ## - EDITION STATEMENT
Edition statement 3rd rev. ed
260 ## - PUBLICATION, DISTRIBUTION, ETC. (IMPRINT)
Place of publication, distribution, etc Jaipur
Name of publisher, distributor, etc Ajmera Book
Date of publication, distribution, etc 2013
270 ## - ADDRESS
Address Tripolia Bazar
City Jaipur
Postal code 302002
300 ## - PHYSICAL DESCRIPTION
Extent 448,56p.
Dimensions 24cm(pbk)
700 ## - ADDED ENTRY--PERSONAL NAME
Personal name Rajpurohit,R.C.S.
942 ## - ADDED ENTRY ELEMENTS (KOHA)
Source of classification or shelving scheme Dewey Decimal Classification
Item type English Books
Call number suffix MAN
Classification part 658
Holdings
Withdrawn status Lost status Not for loan Collection code Home library Current library Date acquired Source of acquisition Cost, normal purchase price Full call number Barcode Copy number Cost, replacement price Koha item type
    Not For Loan Non-fiction D.B.Act.Division D.B.Act.Division 03/12/2013 DBAD/PUB 275.00 658 MAN EN-92235 1 275.00 English Books

© Delhi Public Library
Hit Counter
free hit counter